| Record ID | marc_records_scriblio_net/part14.dat:29303021:719 |
| Source | Scriblio |
| Download Link | /show-records/marc_records_scriblio_net/part14.dat:29303021:719?format=raw |
LEADER: 00719cam 2200229 a 4500
001 2002023738
003 DLC
005 20040302153419.0
008 020307s2002 mau c 000 1 eng
010 $a 2002023738
020 $a0763617261 (alk. paper)
040 $aDLC$cDLC$dDLC
042 $alcac
050 00 $aPZ7.A54395$bFe 2002
082 00 $a[Fic]$221
100 1 $aAnderson, M. T.
245 10 $aFeed /$cM.T. Anderson.
250 $a1st ed.
260 $aCambridge, MA :$bCandlewick Press,$c2002.
300 $a237 p. ;$c24 cm.
520 $aIn a future where most people have computer implants in their heads to control their environment, a boy meets an unusual girl who is in serious trouble.
650 1 $aScience fiction.